000 00284 a2200121 4500
001 146724
040 _cEscola São Tomás de Aquino
100 _aSABINO, Fernando
240 1 0 _aA árvore generosa
_lpor
245 1 0 _aA árvore generosa
697 _a*LITERATURA INFANTO
942 _cBK
999 _c146724
_d146724